La Mercancía y su Circulación (Mercancía y Dinero) (Record no. 20324)
[ view plain ]
| 000 -CABECERA | |
|---|---|
| campo de control de longitud fija | 00654nam a2200229 4500 |
| 003 - IDENTIFICADOR DEL NÚMERO DE CONTROL | |
| campo de control | OSt |
| 005 - FECHA Y HORA DE LA ÚLTIMA TRANSACCIÓN | |
| campo de control | 20260601171007.0 |
| 008 - DATOS DE LONGITUD FIJA--INFORMACIÓN GENERAL | |
| campo de control de longitud fija | 260420b1993\\\\sp\\||||\||||\00|\0\spa\d |
| 040 ## - FUENTE DE LA CATALOGACIÓN | |
| Centro catalogador/agencia de origen | ICI |
| Lengua de catalogación | spa |
| Centro/agencia transcriptor | ICI |
| 050 ## - SIGNATURA TOPOGRÁFICA DE LA BIBLIOTECA DEL CONGRESO | |
| Número de clasificación | HB501 |
| Número de documento/Ítem | M3675 |
| 100 #1 - ENTRADA PRINCIPAL--NOMBRE DE PERSONA | |
| Nombre de persona | Carlos Marx |
| Fechas asociadas al nombre | 1818-1883, |
| 9 (RLIN) | 32451 |
| 245 #1 - MENCIÓN DE TÍTULO | |
| Título | La Mercancía y su Circulación (Mercancía y Dinero) |
| Resto del título | Mercancia y moneda. |
| 246 ## - FORMA VARIANTE DE TÍTULO | |
| Título propio/Titulo breve | Mercancia y moneda. |
| 264 ## - PRODUCCIÓN, PUBLICACIÓN, DISTRIBUCIÓN, FABRICACIÓN Y COPYRIGHT | |
| Nombre del de productor, editor, distribuidor, fabricante | Ediciones Roca |
| Fecha de producción, publicación, distribución, fabricación o copyright | 1973 |
| Producción, publicación, distribución, fabricación y copyright | México |
| 300 ## - DESCRIPCIÓN FÍSICA | |
| Extensión | 159 páginas |
| 336 ## - TIPO DE CONTENIDO | |
| Término de tipo de contenido | texto |
| Fuente | rdacontent |
| 337 ## - TIPO DE MEDIO | |
| Nombre/término del tipo de medio | sin medio |
| Fuente | rdamedia |
| 338 ## - TIPO DE SOPORTE | |
| Nombre/término del tipo de soporte | volumen |
| Fuente | rdacarrier |
| 650 ## - PUNTO DE ACCESO ADICIONAL DE MATERIA--TÉRMINO DE MATERIA | |
| Término de materia o nombre geográfico como elemento de entrada | Capital |
| 9 (RLIN) | 32452 |
| 650 ## - PUNTO DE ACCESO ADICIONAL DE MATERIA--TÉRMINO DE MATERIA | |
| Término de materia o nombre geográfico como elemento de entrada | Economía |
| 9 (RLIN) | 14865 |
| 942 ## - ELEMENTOS DE PUNTO DE ACCESO ADICIONAL (KOHA) | |
| Fuente del sistema de clasificación o colocación | Dewey Decimal Classification |
| Tipo de ítem Koha | Libros |
No items available.